|
|
|
|
| LEADER |
01166nam a2200265 u 4500 |
| 001 |
10097376 |
| 003 |
upatras |
| 005 |
20210117203307.0 |
| 008 |
120511s1930 fr fre |
| 040 |
|
|
|a GR-PaULI
|c GR-PaULI
|
| 041 |
0 |
|
|a fre
|
| 082 |
0 |
4 |
|a 364.131 709 47
|
| 100 |
1 |
|
|a Spiridovic, Aleksandr Ivanovic
|d 1873-1952
|4 aut
|9 106187
|
| 245 |
1 |
0 |
|a Histoire du terrorisme russe 1886-1917
|c Alexandre Spiridovitch ; traduit du russe par Vladimir Lazarevski
|
| 260 |
|
|
|a Paris
|b Payot
|c 1930
|
| 300 |
|
|
|a 668 σ.
|c 24 εκ.
|
| 504 |
|
|
|a Περιέχει ευρετήριο
|
| 650 |
|
4 |
|a Τρομοκρατία
|z Ρωσία
|9 106188
|
| 651 |
|
4 |
|a Ρωσία
|x Πολιτική και διακυβέρνηση
|y 1894-1917
|9 106189
|
| 700 |
1 |
|
|a Lazarevski, Vladimir
|4 trl
|9 106190
|
| 852 |
|
|
|a GR-PaULI
|b ΠΑΤΡΑ
|b ΒΚΠ
|b ΑΝΤ
|k ΟΧΙΔ
|h 364.131 709 47 SPI
|m 046825
|p 025000061114
|t 1
|
| 942 |
|
|
|2 ddc
|c BKN
|
| 952 |
|
|
|0 0
|1 0
|4 0
|6 364_131000000000000_709_47_SPI
|7 0
|9 111027
|a LISP
|b LISP
|c DON
|d 2016-04-24
|i 046825
|l 0
|o 364.131 709 47 SPI
|p 025000061114
|r 2016-04-24 00:00:00
|t 1
|w 2016-04-24
|y BKN
|
| 998 |
|
|
|c ΜΠΟΥΡΑΣ
|d 2012-05
|
| 999 |
|
|
|c 74319
|d 74319
|